[Event "Kukes op"]
[Site "Kukes"]
[Date "2014.06.09"]
[Round "4"]
[White "Hamiti, Gani"]
[Black "Osmani, Arif"]
[Result "1-0"]
[WhiteElo "2117"]
[BlackElo "1893"]
[PlyCount "65"]
[EventDate "2014.06.07"]
[EventType "swiss"]
[EventRounds "9"]
[EventCountry "ALB"]
[SourceTitle "EXT 2016"]
[Source "ChessBase"]
[SourceDate "2015.10.08"]
[SourceVersion "1"]
[SourceVersionDate "2015.10.08"]
[SourceQuality "1"]

1. e4 e5 2. Nf3 Nf6 3. Nxe5 Nxe4 4. Qe2 Qe7 5. Qxe4 d6 6. d4 dxe5 7. Qxe5 Be6 8. Bb5+ c6 9. Bd3 Nd7 10. Qe2 g6 11. 0-0 Bg7 12. c3 h5 13. Re1 0-0-0 14. Bxg6 Qd6 15. g3 Bg4 16. f3 Qxg6 17. fxg4 hxg4 18. Bf4 Bh6 19. Bxh6 Rxh6 20. Nd2 Rdh8 21. Nf1 Rh3 22. Rad1 f5 23. Qf2 Qd6 24. Re2 R3h5 25. Rde1 Kd8 26. Re6 Qd5 27. b3 b5 28. Qf4 c5 29. Rd6 Qb7 30. dxc5 Kc8 31. Re7 Rd8 32. Qd4 Rhh8 33. c6 1-0

[Event "Kukes op"]
[Site "Kukes"]
[Date "2014.06.08"]
[Round "2"]
[White "Osmani, Remzi"]
[Black "Osmani, Arif"]
[Result "1/2-1/2"]
[WhiteElo "2168"]
[BlackElo "1893"]
[PlyCount "27"]
[EventDate "2014.06.07"]
[EventType "swiss"]
[EventRounds "9"]
[EventCountry "ALB"]
[SourceTitle "EXT 2016"]
[Source "ChessBase"]
[SourceDate "2015.10.08"]
[SourceVersion "1"]
[SourceVersionDate "2015.10.08"]
[SourceQuality "1"]

1. e4 e5 2. Nf3 Nc6 3. Bc4 Be7 4. 0-0 Nf6 5. Re1 0-0 6. Bb3 d6 7. h3 Bd7 8. c3 Na5 9. Bc2 Qc8 10. Kh2 Be6 11. d4 exd4 12. cxd4 c5 13. d5 Bd7 14. Nc3 1/2-1/2

[Event "Kukes op"]
[Site "Kukes"]
[Date "2014.06.07"]
[Round "1"]
[White "Osmani, Arif"]
[Black "Rama, Lorenc"]
[Result "0-1"]
[WhiteElo "1893"]
[BlackElo "2323"]
[PlyCount "48"]
[EventDate "2014.06.07"]
[EventType "swiss"]
[EventRounds "9"]
[EventCountry "ALB"]
[SourceTitle "EXT 2016"]
[Source "ChessBase"]
[SourceDate "2015.10.08"]
[SourceVersion "1"]
[SourceVersionDate "2015.10.08"]
[SourceQuality "1"]

1. e4 e5 2. Nf3 Nc6 3. Nc3 Nf6 4. Bb5 Bb4 5. 0-0 0-0 6. Nd5 Bc5 7. d3 Nxd5 8. exd5 Nd4 9. Bc4 d6 10. c3 Nxf3+ 11. Qxf3 Qh4 12. a4 a5 13. Bd2 f5 14. Be3 Bxe3 15. fxe3 g5 16. g3 Qh6 17. e4 f4 18. g4 Qh4 19. h3 h5 20. gxh5 Bxh3 21. Rfc1 g4 22. Qf2 Qxh5 23. d4 g3 24. Qe1 Bg4 0-1

[Event "Hauts de Seine-ch"]
[Site "Issy les Moulineaux"]
[Date "2013.06.16"]
[Round "4"]
[White "Bounehas, Halim"]
[Black "Osmani, Arif"]
[Result "1/2-1/2"]
[WhiteElo "1810"]
[BlackElo "1959"]
[PlyCount "123"]
[EventDate "2013.06.15"]
[EventType "swiss"]
[EventRounds "5"]
[EventCountry "FRA"]
[SourceTitle "EXT 2015"]
[Source "ChessBase"]
[SourceDate "2014.11.20"]
[SourceVersion "1"]
[SourceVersionDate "2014.11.20"]
[SourceQuality "1"]

1. e4 c5 2. Nf3 d6 3. Bc4 Nf6 4. Nc3 Nc6 5. d4 cxd4 6. Nxd4 Ne5 7. Bb3 a6 8. 0-0 Bd7 9. f4 Nc6 10. Nf3 e6 11. Qe1 Na5 12. Be3 Nxb3 13. axb3 b5 14. e5 Ng4 15. Bd4 b4 16. h3 bxc3 17. hxg4 cxb2 18. Bxb2 d5 19. Bd4 Qc7 20. Qf2 Bb5 21. Rfc1 Be7 22. g3 h6 23. Kg2 Bb4 24. c3 Be7 25. Bb6 Qb7 26. Bd4 Bd3 27. b4 Be4 28. Qe2 0-0 29. Kf2 Bxf3 30. Qxf3 f6 31. Kg2 fxe5 32. Bxe5 Bf6 33. Bd6 Rf7 34. Bc5 e5 35. Ra5 Bd8 36. Ra2 exf4 37. gxf4 Bg5 38. Bd6 Bxf4 39. Bxf4 g5 40. c4 Rxf4 41. Qxd5+ Qxd5+ 42. cxd5 Rxg4+ 43. Kf3 Rxb4 44. Rc6 Rf8+ 45. Kg3 Rb3+ 46. Kg4 Kg7 47. Rc7+ Rf7 48. Rxf7+ Kxf7 49. Rxa6 Rb4+ 50. Kf5 Rf4+ 51. Ke5 h5 52. Ra7+ Kg6 53. d6 Rf5+ 54. Ke6 Rf6+ 55. Ke5 Rf8 56. d7 g4 57. Rc7 Rd8 58. Ke6 g3 59. Rc3 h4 60. Rc8 Rxd7 61. Kxd7 Kh5 62. Ke6 1/2-1/2